[Event "ODJM B 2024"]
[Site "Willingen GER"]
[Date "2024.05.22"]
[Round "5"]
[White "Ahmadov, Ahmad"]
[Black "Hoffmann, Svenja"]
[Result "1/2-1/2"]
[Termination "normal"]
[Board "56"]
[WhiteElo "1729"]
[BlackElo "1621"]
[WhiteClock "01:13:22"]
[BlackClock "00:36:45"]
[PlyCount "83"]
[WhiteFideId "34661018"]
[BlackFideId "16287312"]
[EventCountry "GER"]
[EventRounds "9"]
[EventType "swiss"]
[EventDate "2024.05.18"]

1. e4 {[%clk 01:30:59]} e5 {[%clk 01:30:54]} {[%emt 00:00:06]} 2. Nf3 {[%clk
01:31:25]} {[%emt 00:00:04]} Nc6 {[%clk 01:31:14]} {[%emt 00:00:10]} 3. Bc4
{[%clk 01:31:47]} {[%emt 00:00:07]} Bc5 {[%clk 01:31:00]} {[%emt 00:00:45]} 4.
d3 {[%clk 01:32:08]} {[%emt 00:00:09]} d6 {[%clk 01:30:17]} {[%emt 00:01:13]}
5. h3 {[%clk 01:32:28]} {[%emt 00:00:10]} Nf6 {[%clk 01:29:28]} {[%emt
00:01:19]} 6. Bg5 {[%clk 01:32:41]} {[%emt 00:00:17]} h6 {[%clk 01:29:40]}
{[%emt 00:00:18]} 7. Bh4 {[%clk 01:33:05]} {[%emt 00:00:06]} Be6 {[%clk
01:26:43]} {[%emt 00:03:42]} 8. Bb3 {[%clk 01:31:50]} {[%emt 00:01:31]} Qd7
{[%clk 01:23:46]} {[%emt 00:03:27]} 9. Nc3 {[%clk 01:31:49]} {[%emt 00:00:31]}
Nd4 {[%clk 01:19:17]} {[%emt 00:04:59]} 10. Nxd4 {[%clk 01:30:39]} {[%emt
00:01:40]} Bxd4 {[%clk 01:19:09]} {[%emt 00:00:38]} 11. Qd2 {[%clk 01:30:50]}
{[%emt 00:00:17]} c6 {[%clk 01:15:16]} {[%emt 00:04:25]} 12. O-O-O {[%clk
01:30:23]} {[%emt 00:00:57]} O-O-O {[%clk 01:14:53]} {[%emt 00:00:53]} 13. Ne2
{[%clk 01:29:33]} {[%emt 00:01:20]} Bb6 {[%clk 01:10:42]} {[%emt 00:04:41]} 14.
f4 {[%clk 01:28:23]} {[%emt 00:01:40]} Bxb3 {[%clk 01:02:45]} {[%emt 00:08:28]}
15. cxb3 {[%clk 01:27:58]} {[%emt 00:00:55]} Qe7 {[%clk 01:01:06]} {[%emt
00:02:08]} 16. Rhf1 {[%clk 01:25:59]} {[%emt 00:02:29]} d5 {[%clk 00:56:47]}
{[%emt 00:04:48]} 17. Ng3 {[%clk 01:23:10]} {[%emt 00:03:19]} Qc5+ {[%clk
00:54:15]} {[%emt 00:03:03]} 18. Kb1 {[%clk 01:22:45]} {[%emt 00:00:55]} dxe4
{[%clk 00:53:24]} {[%emt 00:01:21]} 19. Bxf6 {[%clk 01:22:39]} {[%emt
00:00:35]} Rxd3 {[%clk 00:53:23]} {[%emt 00:00:31]} 20. Nxe4 {[%clk 01:22:10]}
{[%emt 00:01:00]} Rxd2 {[%clk 00:53:09]} {[%emt 00:00:44]} 21. Nxc5 {[%clk
01:22:26]} {[%emt 00:00:14]} Rxd1+ {[%clk 00:53:23]} {[%emt 00:00:16]} 22. Rxd1
{[%clk 01:22:39]} {[%emt 00:00:17]} Bxc5 {[%clk 00:53:46]} {[%emt 00:00:07]}
23. Bxg7 {[%clk 01:21:14]} {[%emt 00:01:55]} Rg8 {[%clk 00:54:06]} {[%emt
00:00:10]} 24. Bxh6 {[%clk 01:21:14]} {[%emt 00:00:29]} exf4 {[%clk 00:54:30]}
{[%emt 00:00:06]} 25. Bxf4 {[%clk 01:21:27]} {[%emt 00:00:17]} Rxg2 {[%clk
00:54:54]} {[%emt 00:00:06]} 26. Rh1 {[%clk 01:19:28]} {[%emt 00:02:29]} Bd4
{[%clk 00:54:57]} {[%emt 00:00:28]} 27. Rh2 {[%clk 01:18:12]} {[%emt 00:01:46]}
Rxh2 {[%clk 00:53:39]} {[%emt 00:01:48]} 28. Bxh2 {[%clk 01:18:11]} {[%emt
00:00:32]} Kd7 {[%clk 00:51:04]} {[%emt 00:03:05]} 29. Kc2 {[%clk 01:17:56]}
{[%emt 00:00:44]} Ke6 {[%clk 00:51:23]} {[%emt 00:00:11]} 30. Bf4 {[%clk
01:16:22]} {[%emt 00:02:04]} Kf5 {[%clk 00:51:35]} {[%emt 00:00:18]} 31. Bd2
{[%clk 01:16:42]} {[%emt 00:00:10]} b5 {[%clk 00:49:43]} {[%emt 00:02:22]} 32.
Bc3 {[%clk 01:16:34]} {[%emt 00:00:38]} Bf2 {[%clk 00:49:27]} {[%emt 00:00:46]}
33. Kd3 {[%clk 01:16:02]} {[%emt 00:01:02]} Kf4 {[%clk 00:45:08]} {[%emt
00:04:47]} 34. Bd4 {[%clk 01:15:40]} {[%emt 00:00:53]} Bxd4 {[%clk 00:44:53]}
{[%emt 00:00:46]} 35. Kxd4 {[%clk 01:16:05]} {[%emt 00:00:06]} f5 {[%clk
00:45:10]} {[%emt 00:00:12]} 36. h4 {[%clk 01:12:37]} {[%emt 00:03:57]} Kg4
{[%clk 00:40:11]} {[%emt 00:05:29]} 37. Ke5 {[%clk 01:12:57]} {[%emt 00:00:11]}
f4 {[%clk 00:40:33]} {[%emt 00:00:08]} 38. h5 {[%clk 01:13:13]} {[%emt
00:00:13]} f3 {[%clk 00:40:14]} {[%emt 00:00:49]} 39. h6 {[%clk 01:13:31]}
{[%emt 00:00:12]} f2 {[%clk 00:39:22]} {[%emt 00:01:22]} 40. h7 {[%clk
01:13:40]} {[%emt 00:00:21]} f1=Q {[%clk 00:39:42]} {[%emt 00:00:11]} 41. h8=Q
{[%clk 01:13:48]} {[%emt 00:00:05]} Qf5+ {[%clk 00:36:45]} {[%emt 00:03:43]}
42. Kd6 {[%clk 01:13:22]} {[%emt 00:00:56]} 1/2-1/2

[Event "ODJM B 2024"]
[Site "Willingen GER"]
[Date "2024.05.23"]
[Round "7"]
[White "Schedel, Loris"]
[Black "John, Niklas"]
[Result "1/2-1/2"]
[Termination "normal"]
[Board "1"]
[WhiteElo "1819"]
[BlackElo "1797"]
[WhiteClock "00:35:45"]
[BlackClock "00:00:34"]
[PlyCount "106"]
[WhiteFideId "16255542"]
[BlackFideId "16234626"]
[EventCountry "GER"]
[EventRounds "9"]
[EventType "swiss"]
[EventDate "2024.05.18"]

1. e4 {[%clk 01:30:51]} {[%emt 00:00:08]} c5 {[%clk 01:30:51]} {[%emt
00:00:09]} 2. Nc3 {[%clk 01:31:17]} {[%emt 00:00:04]} d6 {[%clk 01:30:32]}
{[%emt 00:00:49]} 3. d4 {[%clk 01:31:42]} {[%emt 00:00:05]} cxd4 {[%clk
01:30:23]} {[%emt 00:00:39]} 4. Qxd4 {[%clk 01:32:07]} {[%emt 00:00:06]} Bd7
{[%clk 01:28:02]} {[%emt 00:02:50]} 5. b3 {[%clk 01:31:56]} {[%emt 00:00:42]}
Nc6 {[%clk 01:27:49]} {[%emt 00:00:42]} 6. Qd2 {[%clk 01:32:22]} {[%emt
00:00:05]} g6 {[%clk 01:25:36]} {[%emt 00:02:43]} 7. Bb2 {[%clk 01:32:34]}
{[%emt 00:00:17]} Bg7 {[%clk 01:24:52]} {[%emt 00:01:14]} 8. O-O-O {[%clk
01:32:48]} {[%emt 00:00:16]} Nf6 {[%clk 01:21:39]} {[%emt 00:03:43]} 9. f3
{[%clk 01:31:12]} {[%emt 00:02:07]} O-O {[%clk 01:08:45]} {[%emt 00:13:24]} 10.
Kb1 {[%clk 01:31:32]} {[%emt 00:00:10]} a5 {[%clk 01:04:14]} {[%emt 00:05:01]}
11. a4 {[%clk 01:31:35]} {[%emt 00:00:26]} Nb4 {[%clk 01:03:40]} {[%emt
00:01:05]} 12. g4 {[%clk 01:30:16]} {[%emt 00:01:49]} Rc8 {[%clk 01:00:49]}
{[%emt 00:03:21]} 13. h4 {[%clk 01:28:52]} {[%emt 00:01:54]} Qc7 {[%clk
00:52:50]} {[%emt 00:08:28]} 14. Bc4 {[%clk 01:26:10]} {[%emt 00:03:12]} Be6
{[%clk 00:45:25]} {[%emt 00:07:56]} 15. Bxe6 {[%clk 01:23:58]} {[%emt
00:02:42]} fxe6 {[%clk 00:45:46]} {[%emt 00:00:06]} 16. Nge2 {[%clk 01:16:59]}
{[%emt 00:07:32]} Nd7 {[%clk 00:45:06]} {[%emt 00:01:10]} 17. f4 {[%clk
01:12:20]} {[%emt 00:05:09]} Nf6 {[%clk 00:37:08]} {[%emt 00:08:28]} 18. Nd4
{[%clk 01:01:44]} {[%emt 00:11:06]} Nxg4 {[%clk 00:28:57]} {[%emt 00:08:41]}
19. Ndb5 {[%clk 00:56:42]} {[%emt 00:05:32]} Qc5 {[%clk 00:27:48]} {[%emt
00:01:39]} 20. Rde1 {[%clk 00:46:08]} {[%emt 00:11:03]} h5 {[%clk 00:17:34]}
{[%emt 00:10:44]} 21. Rhf1 {[%clk 00:41:53]} {[%emt 00:04:46]} Bh6 {[%clk
00:16:22]} {[%emt 00:01:42]} 22. Nd4 {[%clk 00:37:32]} {[%emt 00:04:51]} Bg7
{[%clk 00:16:44]} {[%emt 00:00:08]} 23. Ncb5 {[%clk 00:36:08]} {[%emt
00:01:54]} e5 {[%clk 00:06:51]} {[%emt 00:10:22]} 24. c3 {[%clk 00:32:04]}
{[%emt 00:04:35]} exd4 {[%clk 00:06:27]} {[%emt 00:00:54]} 25. cxb4 {[%clk
00:32:23]} {[%emt 00:00:10]} Qxb4 {[%clk 00:06:16]} {[%emt 00:00:41]} 26. Qxb4
{[%clk 00:32:47]} {[%emt 00:00:07]} axb4 {[%clk 00:06:42]} {[%emt 00:00:04]}
27. Nxd4 {[%clk 00:32:52]} {[%emt 00:00:24]} Bf6 {[%clk 00:04:02]} {[%emt
00:03:10]} 28. Ne6 {[%clk 00:32:39]} {[%emt 00:00:44]} Rfe8 {[%clk 00:02:25]}
{[%emt 00:02:07]} 29. Ng5 {[%clk 00:24:54]} {[%emt 00:08:15]} Bxb2 {[%clk
00:02:44]} {[%emt 00:00:11]} 30. Kxb2 {[%clk 00:25:22]} Rc3 {[%clk 00:02:39]}
{[%emt 00:00:35]} 31. Rc1 {[%clk 00:22:54]} {[%emt 00:02:58]} Rec8 {[%clk
00:02:32]} {[%emt 00:00:37]} 32. Ne6 {[%clk 00:22:18]} {[%emt 00:01:07]} Ne3
{[%clk 00:01:24]} {[%emt 00:01:38]} 33. Rfe1 {[%clk 00:21:01]} {[%emt
00:01:46]} Rxc1 {[%clk 00:00:57]} {[%emt 00:00:58]} 34. Rxc1 {[%clk 00:21:29]}
{[%emt 00:00:02]} Rxc1 {[%clk 00:01:18]} {[%emt 00:00:09]} 35. Kxc1 {[%clk
00:21:57]} {[%emt 00:00:02]} Ng2 {[%clk 00:01:22]} {[%emt 00:00:26]} 36. Kd2
{[%clk 00:20:16]} {[%emt 00:02:11]} Nxh4 {[%clk 00:01:02]} {[%emt 00:00:49]}
37. Ke2 {[%clk 00:20:16]} {[%emt 00:00:31]} g5 {[%clk 00:00:35]} {[%emt
00:00:57]} 38. Nxg5 {[%clk 00:20:34]} {[%emt 00:00:12]} Ng6 {[%clk 00:00:53]}
{[%emt 00:00:11]} 39. Kf3 {[%clk 00:20:26]} {[%emt 00:00:38]} Kf8 {[%clk
00:00:32]} {[%emt 00:00:52]} 40. Ne6+ {[%clk 00:20:50]} {[%emt 00:00:05]} Kg8
{[%clk 00:00:32]} {[%emt 00:00:31]} 41. Nd8 {[%clk 00:21:04]} {[%emt 00:00:15]}
b6 {[%clk 00:00:47]} {[%emt 00:00:16]} 42. Nc6 {[%clk 00:21:22]} {[%emt
00:00:12]} Kf7 {[%clk 00:17:05]} {[%emt 00:14:11]} 43. Nxb4 {[%clk 00:51:02]}
{[%emt 00:00:50]} e6 {[%clk 00:16:21]} {[%emt 00:01:14]} 44. Nc6 {[%clk
00:49:57]} {[%emt 00:01:36]} d5 {[%clk 00:08:00]} {[%emt 00:08:50]} 45. exd5
{[%clk 00:43:19]} {[%emt 00:07:08]} exd5 {[%clk 00:08:14]} {[%emt 00:00:16]}
46. Nd4 {[%clk 00:43:09]} {[%emt 00:00:40]} Ke7 {[%clk 00:02:20]} {[%emt
00:06:24]} 47. b4 {[%clk 00:40:52]} {[%emt 00:02:48]} h4 {[%clk 00:01:21]}
{[%emt 00:01:28]} 48. a5 {[%clk 00:39:44]} {[%emt 00:01:38]} bxa5 {[%clk
00:01:22]} {[%emt 00:00:30]} 49. bxa5 {[%clk 00:40:12]} {[%emt 00:00:01]} Kd7
{[%clk 00:00:39]} {[%emt 00:01:13]} 50. Kg4 {[%clk 00:39:01]} {[%emt 00:01:41]}
h3 {[%clk 00:00:39]} {[%emt 00:00:31]} 51. Nf3 {[%clk 00:36:38]} {[%emt
00:02:52]} h2 {[%clk 00:00:36]} {[%emt 00:00:34]} 52. Nxh2 {[%clk 00:37:03]}
{[%emt 00:00:05]} Nxf4 {[%clk 00:00:35]} {[%emt 00:00:31]} 53. Nf3 {[%clk
00:35:45]} {[%emt 00:01:47]} Ne6 {[%clk 00:00:34]} {[%emt 00:00:31]} 1/2-1/2

[Event "ODJM B 2024"]
[Site "Willingen GER"]
[Date "2024.05.23"]
[Round "7"]
[White "Beckmann, Jonathan"]
[Black "Ye, Philipp"]
[Result "1-0"]
[Termination "normal"]
[Board "2"]
[WhiteElo "1827"]
[BlackElo "1870"]
[WhiteClock "00:15:00"]
[BlackClock "00:30:07"]
[PlyCount "95"]
[WhiteFideId "34672591"]
[BlackFideId "34646787"]
[EventCountry "GER"]
[EventRounds "9"]
[EventType "swiss"]
[EventDate "2024.05.18"]

1. d4 {[%clk 01:30:58]} d5 {[%clk 01:30:40]} {[%emt 00:00:21]} 2. c4 {[%clk
01:31:22]} {[%emt 00:00:06]} c6 {[%clk 01:31:04]} {[%emt 00:00:06]} 3. Nf3
{[%clk 01:31:46]} {[%emt 00:00:06]} Nf6 {[%clk 01:31:19]} {[%emt 00:00:15]} 4.
Nc3 {[%clk 01:32:11]} {[%emt 00:00:05]} dxc4 {[%clk 01:31:24]} {[%emt
00:00:24]} 5. a4 {[%clk 01:32:33]} {[%emt 00:00:09]} Bf5 {[%clk 01:31:36]}
{[%emt 00:00:18]} 6. Ne5 {[%clk 01:32:25]} {[%emt 00:00:38]} Nbd7 {[%clk
01:31:24]} {[%emt 00:00:41]} 7. Nxc4 {[%clk 01:31:21]} {[%emt 00:01:35]} Nb6
{[%clk 01:31:40]} {[%emt 00:00:14]} 8. Ne5 {[%clk 01:29:53]} {[%emt 00:01:57]}
a5 {[%clk 01:31:50]} {[%emt 00:00:20]} 9. f3 {[%clk 01:29:21]} {[%emt
00:01:02]} h6 {[%clk 01:26:59]} {[%emt 00:05:21]} 10. e4 {[%clk 01:28:23]}
{[%emt 00:01:29]} Bh7 {[%clk 01:26:30]} {[%emt 00:00:58]} 11. Be2 {[%clk
01:28:11]} {[%emt 00:00:43]} e6 {[%clk 01:26:23]} {[%emt 00:00:37]} 12. O-O
{[%clk 01:27:41]} {[%emt 00:01:00]} Bd6 {[%clk 01:26:08]} {[%emt 00:00:45]} 13.
Nd3 {[%clk 01:15:25]} {[%emt 00:12:46]} Be7 {[%clk 01:24:27]} {[%emt 00:02:11]}
14. Be3 {[%clk 01:12:42]} {[%emt 00:03:13]} O-O {[%clk 01:23:17]} {[%emt
00:01:40]} 15. Qb3 {[%clk 01:08:54]} {[%emt 00:04:18]} Nfd7 {[%clk 01:16:01]}
{[%emt 00:07:46]} 16. Rfd1 {[%clk 00:57:40]} {[%emt 00:11:44]} Rc8 {[%clk
01:03:43]} {[%emt 00:12:48]} 17. Rac1 {[%clk 00:49:01]} {[%emt 00:09:09]} Bf6
{[%clk 00:58:08]} {[%emt 00:06:05]} 18. Kh1 {[%clk 00:47:25]} {[%emt 00:02:05]}
Re8 {[%clk 00:55:58]} {[%emt 00:02:40]} 19. Nc5 {[%clk 00:41:07]} {[%emt
00:06:48]} Qc7 {[%clk 00:49:46]} {[%emt 00:06:41]} 20. Qa3 {[%clk 00:34:28]}
{[%emt 00:07:11]} Ra8 {[%clk 00:41:10]} {[%emt 00:09:05]} 21. d5 {[%clk
00:27:25]} {[%emt 00:07:34]} exd5 {[%clk 00:36:55]} {[%emt 00:04:45]} 22. Nxd7
{[%clk 00:27:39]} {[%emt 00:00:15]} Nxd7 {[%clk 00:34:09]} {[%emt 00:03:17]}
23. Nxd5 {[%clk 00:27:58]} {[%emt 00:00:11]} Qe5 {[%emt 00:03:27]} 24. Nxf6+
{[%clk 00:27:31]} {[%emt 00:00:57]} Nxf6 {[%clk 00:31:35]} {[%emt 00:00:07]}
25. Bb6 {[%clk 00:26:41]} {[%emt 00:01:20]} Qe7 {[%clk 00:24:10]} {[%emt
00:07:55]} 26. Qd6 {[%clk 00:25:33]} {[%emt 00:01:38]} Qe5 {[%clk 00:21:37]}
{[%emt 00:03:03]} 27. Rc2 {[%clk 00:22:53]} {[%emt 00:03:10]} Re7 {[%clk
00:18:15]} {[%emt 00:03:52]} 28. Rcd2 {[%clk 00:22:47]} {[%emt 00:00:35]} Rae8
{[%clk 00:16:52]} {[%emt 00:01:54]} 29. Bc4 {[%clk 00:15:45]} {[%emt 00:07:31]}
Bg6 {[%clk 00:15:43]} {[%emt 00:01:39]} 30. Qc5 {[%clk 00:11:52]} {[%emt
00:04:24]} Ra8 {[%clk 00:14:32]} {[%emt 00:01:42]} 31. Qxe5 {[%clk 00:11:56]}
{[%emt 00:00:24]} Rxe5 {[%clk 00:14:35]} {[%emt 00:00:28]} 32. Rd8+ {[%clk
00:12:10]} {[%emt 00:00:16]} Re8 {[%clk 00:14:57]} {[%emt 00:00:08]} 33. Rxe8+
{[%clk 00:12:14]} {[%emt 00:00:26]} Nxe8 {[%clk 00:14:20]} {[%emt 00:01:07]}
34. Rd8 {[%clk 00:12:34]} {[%emt 00:00:10]} Rxd8 {[%clk 00:14:09]} {[%emt
00:00:41]} 35. Bxd8 {[%clk 00:12:55]} {[%emt 00:00:08]} Nd6 {[%clk 00:13:20]}
{[%emt 00:01:20]} 36. Bd3 {[%clk 00:12:57]} {[%emt 00:00:25]} Kf8 {[%clk
00:09:42]} {[%emt 00:04:10]} 37. Bxa5 {[%clk 00:11:34]} {[%emt 00:01:54]} Ke8
{[%clk 00:07:15]} {[%emt 00:02:57]} 38. Kg1 {[%clk 00:11:35]} {[%emt 00:00:28]}
f6 {[%clk 00:07:04]} {[%emt 00:00:41]} 39. Bc3 {[%clk 00:08:34]} {[%emt
00:03:31]} Kd7 {[%clk 00:06:38]} {[%emt 00:00:57]} 40. Kf2 {[%clk 00:08:33]}
{[%emt 00:00:30]} Bf7 {[%clk 00:05:42]} {[%emt 00:01:27]} 41. e5 {[%clk
00:05:07]} {[%emt 00:03:55]} fxe5 {[%clk 00:05:22]} {[%emt 00:00:50]} 42. Bxe5
{[%clk 00:03:51]} {[%emt 00:01:45]} g6 {[%clk 00:04:06]} {[%emt 00:01:47]} 43.
a5 {[%clk 00:27:03]} {[%emt 00:07:19]} Nc4 {[%clk 00:33:22]} {[%emt 00:01:13]}
44. Bc3 {[%clk 00:26:41]} {[%emt 00:00:22]} h5 {[%clk 00:33:09]} {[%emt
00:00:43]} 45. Kg3 {[%clk 00:26:41]} {[%emt 00:01:00]} Ne3 {[%clk 00:32:11]}
{[%emt 00:01:27]} 46. Kh4 {[%clk 00:18:39]} {[%emt 00:08:33]} Nxg2+ {[%clk
00:31:49]} {[%emt 00:00:52]} 47. Kg5 {[%clk 00:19:02]} {[%emt 00:00:08]} Be6
{[%clk 00:30:07]} {[%emt 00:02:11]} 48. Bd2 {[%clk 00:15:00]} {[%emt 00:04:32]}
1-0

[Event "ODJM B 2024"]
[Site "Willingen GER"]
[Date "2024.05.23"]
[Round "7"]
[White "Roth, Jonas"]
[Black "Kelembet, Maksym"]
[Result "1/2-1/2"]
[Termination "normal"]
[Board "3"]
[WhiteElo "1766"]
[BlackElo "1611"]
[WhiteClock "00:10:54"]
[BlackClock "00:29:08"]
[PlyCount "120"]
[WhiteFideId "34623515"]
[BlackFideId "34684735"]
[EventCountry "GER"]
[EventRounds "9"]
[EventType "swiss"]
[EventDate "2024.05.18"]

1. d4 {[%clk 01:30:59]} {[%emt 00:00:01]} Nf6 {[%clk 01:30:56]} {[%emt
00:00:04]} 2. c3 {[%emt 00:00:07]} e6 {[%clk 01:31:22]} 3. Bf4 {[%clk
01:31:42]} {[%emt 00:00:13]} c5 {[%clk 01:31:47]} {[%emt 00:00:06]} 4. e3
{[%clk 01:31:52]} {[%emt 00:00:20]} cxd4 {[%clk 01:32:03]} {[%emt 00:00:14]} 5.
exd4 {[%clk 01:32:16]} {[%emt 00:00:06]} b6 {[%clk 01:32:29]} {[%emt 00:00:04]}
6. Nf3 {[%clk 01:32:26]} {[%emt 00:00:19]} Bb7 {[%clk 01:32:53]} {[%emt
00:00:07]} 7. Nbd2 {[%clk 01:32:23]} {[%emt 00:00:32]} Be7 {[%clk 01:33:18]}
{[%emt 00:00:06]} 8. Bd3 {[%clk 01:31:43]} {[%emt 00:01:09]} O-O {[%clk
01:33:06]} {[%emt 00:00:42]} 9. Qe2 {[%clk 01:31:03]} {[%emt 00:01:11]} d6
{[%clk 01:33:19]} {[%emt 00:00:17]} 10. O-O {[%clk 01:30:02]} {[%emt 00:01:31]}
Nbd7 {[%clk 01:33:41]} {[%emt 00:00:08]} 11. Rfe1 {[%clk 01:27:56]} {[%emt
00:02:35]} Re8 {[%clk 01:34:02]} {[%emt 00:00:10]} 12. Bc4 {[%clk 01:21:22]}
{[%emt 00:07:04]} Bf8 {[%clk 01:31:56]} {[%emt 00:02:35]} 13. Bg3 {[%clk
01:14:09]} {[%emt 00:07:43]} h6 {[%clk 01:29:12]} {[%emt 00:03:14]} 14. Rad1
{[%clk 01:11:57]} {[%emt 00:02:42]} a6 {[%clk 01:27:32]} {[%emt 00:02:11]} 15.
a4 {[%clk 01:08:48]} {[%emt 00:03:39]} Qc7 {[%clk 01:27:30]} {[%emt 00:00:32]}
16. Bb3 {[%clk 01:04:30]} {[%emt 00:04:47]} Rac8 {[%clk 01:25:22]} {[%emt
00:02:38]} 17. Qc4 {[%clk 00:57:46]} {[%emt 00:07:13]} Nh5 {[%clk 01:19:27]}
{[%emt 00:06:26]} 18. Qxc7 {[%clk 00:55:54]} {[%emt 00:02:23]} Rxc7 {[%clk
01:19:52]} {[%emt 00:00:05]} 19. Ne4 {[%clk 00:49:42]} {[%emt 00:06:41]} Nxg3
{[%clk 01:20:09]} {[%emt 00:00:13]} 20. Nxg3 {[%clk 00:49:43]} {[%emt
00:00:29]} d5 {[%clk 01:18:06]} {[%emt 00:02:34]} 21. h4 {[%clk 00:48:06]}
{[%emt 00:02:07]} b5 {[%clk 01:18:08]} {[%emt 00:00:27]} 22. axb5 {[%clk
00:48:00]} {[%emt 00:00:36]} axb5 {[%clk 01:18:33]} {[%emt 00:00:06]} 23. Ra1
{[%clk 00:47:48]} {[%emt 00:00:42]} b4 {[%clk 01:17:26]} {[%emt 00:01:37]} 24.
Ne2 {[%clk 00:46:39]} {[%emt 00:01:37]} bxc3 {[%clk 01:17:13]} {[%emt
00:00:44]} 25. Nxc3 {[%clk 00:43:25]} {[%emt 00:03:44]} Bc6 {[%clk 01:15:38]}
{[%emt 00:02:05]} 26. Bxd5 {[%clk 00:38:22]} {[%emt 00:05:33]} Rb8 {[%clk
01:11:29]} {[%emt 00:04:40]} 27. Bxc6 {[%clk 00:38:11]} {[%emt 00:00:40]} Rxc6
{[%clk 01:11:57]} {[%emt 00:00:02]} 28. Re2 {[%clk 00:34:53]} {[%emt 00:03:46]}
Rcb6 {[%clk 01:10:12]} {[%emt 00:02:17]} 29. Nd1 {[%clk 00:31:07]} {[%emt
00:04:17]} Be7 {[%clk 01:09:26]} {[%emt 00:01:17]} 30. d5 {[%clk 00:30:06]}
{[%emt 00:01:31]} Nc5 {[%clk 01:06:47]} {[%emt 00:03:09]} 31. dxe6 {[%clk
00:28:40]} {[%emt 00:01:56]} Nxe6 {[%clk 01:07:08]} {[%emt 00:00:09]} 32. Ra7
{[%clk 00:26:57]} {[%emt 00:02:12]} Bf6 {[%clk 01:06:32]} {[%emt 00:01:06]} 33.
Ne5 {[%clk 00:25:27]} {[%emt 00:02:00]} Rd6 {[%clk 01:03:31]} {[%emt 00:03:31]}
34. Ra1 {[%clk 00:23:05]} {[%emt 00:02:53]} Bxh4 {[%clk 01:03:48]} {[%emt
00:00:12]} 35. Nc4 {[%clk 00:22:06]} {[%emt 00:01:28]} Rd4 {[%clk 00:55:17]}
{[%emt 00:09:02]} 36. Nde3 {[%clk 00:22:33]} {[%emt 00:00:03]} Bf6 {[%clk
00:55:23]} {[%emt 00:00:24]} 37. Rb1 {[%clk 00:22:19]} {[%emt 00:00:44]} Nf4
{[%clk 00:54:35]} {[%emt 00:01:18]} 38. Rc2 {[%clk 00:20:48]} {[%emt 00:01:56]}
Rb5 {[%clk 00:52:25]} {[%emt 00:02:45]} 39. g3 {[%clk 00:20:30]} {[%emt
00:00:48]} Ne6 {[%clk 00:51:12]} {[%emt 00:01:43]} 40. Na3 {[%clk 00:16:55]}
{[%emt 00:04:03]} Rb8 {[%clk 00:50:19]} {[%emt 00:01:26]} 41. Nec4 {[%clk
00:15:25]} {[%emt 00:02:00]} Be7 {[%clk 00:49:57]} {[%emt 00:00:51]} 42. Rbc1
{[%clk 00:13:52]} {[%emt 00:02:02]} Rd3 {[%clk 00:45:51]} {[%emt 00:04:36]} 43.
Ne5 {[%clk 00:13:31]} {[%emt 00:00:50]} Rdb3 {[%clk 00:41:18]} {[%emt
00:05:05]} 44. Nc6 {[%clk 00:11:57]} {[%emt 00:02:04]} Re8 {[%clk 00:40:47]}
{[%emt 00:01:01]} 45. Nxe7+ {[%clk 00:11:56]} {[%emt 00:00:31]} Rxe7 {[%clk
00:41:13]} {[%emt 00:00:04]} 46. Nc4 {[%clk 00:12:00]} {[%emt 00:00:27]} Nd4
{[%clk 00:41:24]} {[%emt 00:00:19]} 47. Na5 {[%clk 00:08:43]} {[%emt 00:03:46]}
Rb5 {[%clk 00:36:20]} {[%emt 00:05:35]} 48. Nc6 {[%clk 00:07:35]} {[%emt
00:01:37]} Nxc6 {[%clk 00:36:34]} {[%emt 00:00:16]} 49. Rxc6 {[%clk 00:08:00]}
{[%emt 00:00:05]} Rxb2 {[%clk 00:37:00]} {[%emt 00:00:04]} 50. R1c2 {[%clk
00:08:11]} {[%emt 00:00:18]} Re2 {[%clk 00:35:41]} {[%emt 00:01:50]} 51. Rc8+
{[%clk 00:08:23]} {[%emt 00:00:18]} Kh7 {[%clk 00:36:05]} {[%emt 00:00:06]} 52.
Rxb2 {[%clk 00:08:44]} {[%emt 00:00:09]} Rxb2 {[%clk 00:36:30]} {[%emt
00:00:05]} 53. Rc7 {[%clk 00:09:08]} {[%emt 00:00:06]} f6 {[%clk 00:35:20]}
{[%emt 00:01:40]} 54. Kg2 {[%clk 00:09:30]} {[%emt 00:00:08]} h5 {[%clk
00:35:19]} {[%emt 00:00:31]} 55. Rf7 {[%clk 00:09:43]} {[%emt 00:00:17]} Kg6
{[%clk 00:35:00]} {[%emt 00:00:48]} 56. Rf8 {[%clk 00:10:10]} {[%emt 00:00:04]}
Kg5 {[%clk 00:34:59]} {[%emt 00:00:31]} 57. Ra8 {[%clk 00:10:05]} {[%emt
00:00:35]} g6 {[%clk 00:32:59]} {[%emt 00:02:30]} 58. Ra6 {[%clk 00:10:18]}
{[%emt 00:00:17]} Rc2 {[%clk 00:31:45]} {[%emt 00:01:43]} 59. Kf3 {[%clk
00:10:32]} {[%emt 00:00:14]} Rc3+ {[%clk 00:29:23]} {[%emt 00:02:54]} 60. Kg2
{[%clk 00:10:54]} {[%emt 00:00:08]} Rc2 {[%clk 00:29:08]} {[%emt 00:00:46]}
1/2-1/2